| 000 | 00371nam a2200157Ia 4500 | ||
|---|---|---|---|
| 008 | 210719s1965 xx 000 0 und d | ||
| 041 | _aeng | ||
| 082 | _a020 ALDU | ||
| 100 | _aALDRICH (Ella V) | ||
| 245 | _aUsing books and libraries. | ||
| 250 | _a4 | ||
| 260 |
_aNJ _bPrentice Hall, Inc., _c1965 |
||
| 300 | _avii,118 | ||
| 365 | _cRs | ||
| 650 | _aLibrary Science | ||
| 999 |
_c212584 _d212584 |
||